| 000 | 00595nam a22001937a 4500 | ||
|---|---|---|---|
| 999 |
_c257271 _d257270 |
||
| 003 | OSt | ||
| 005 | 20220930154407.0 | ||
| 008 | 180906b xxu||||| |||| 00| 0 eng d | ||
| 010 | _a2003100441 | ||
| 020 | _a0534623182 | ||
| 040 |
_aDLC _bEng _cDLC _erda |
||
| 050 |
_aBF637.C45 _bW656 2004 |
||
| 100 | _aWood, Julia T. | ||
| 245 |
_aInterpersonal communication: _beveryday encounters _c Julia T. Wood. |
||
| 250 |
_a4th ed _bInstuctor's Edition |
||
| 260 |
_aBelmont, CA : _bThomson/Wadsworth, _cc2004. |
||
| 300 |
_axviii;365p _bill; col. _c26 cm. + |e 1 CD-ROM (4 3/4 in.) |
||
| 942 |
_2lcc _cBK |
||